000 00443nam a2200181Ia 4500
001 986
005 20260306140558.0
008 260306t2007||||xx |||||||||||||| ||spa||
041 _aESP
082 _a176
_bB73
100 _aBonete, Enrique
_eAUT
245 0 _aÉtica de la sexualidad:
_bdiálogos para educar en el amor
260 _c2007
300 _a193 páginas :
_c21 cm.
650 _aGEN
654 _aCHU
942 _cLIB
_dJUS
_fJUS
_2ddc
_n
999 _c986
_d986